| 000 | 00486nam a22001577a 4500 | ||
|---|---|---|---|
| 008 | 230313b |||||||| |||| 00| 0 eng d | ||
| 020 | _a0745605877. | ||
| 050 | _aCB430.B33 1988 | ||
| 100 |
_aPoster,Mark _952221 |
||
| 245 |
_aJean Baudrillard selected wriings, _cMark Poster. |
||
| 260 |
_aUnited Kingdom; _bPolity Press, _c1988. |
||
| 300 |
_avii, _b230p; _c23cm. |
||
| 650 |
_aCivilization,modern _y20th century, _913460 |
||
| 650 |
_aPost modernism. _952222 |
||
| 942 |
_2lcc _cMONOGRAPH |
||
| 999 |
_c131664 _d131664 |
||